000 00286nam a2200109Ia 4500
001 588901
005 20250717120839.0
008 250717s9999 xx 000 0 und d
245 0 _aY-7 BİR DÜNYA GEZGİNİ İBNİ BATTUTA
_cNAZAN VARLI
260 _bERDEM YAYINLARI
_c2020
300 _b115
999 _c588901
_d588901